[Event "Pfalz op-B 8th"]
[Site "Neustadt an der Weinstrasse"]
[Date "2017.02.24"]
[Round "1"]
[White "Krastev, Ivan"]
[Black "Wagner, Werner"]
[Result "1-0"]
[WhiteElo "1713"]
[BlackElo "1861"]
[PlyCount "41"]
[EventDate "2017.02.24"]
[EventType "swiss"]
[EventRounds "7"]
[EventCountry "GER"]
[SourceTitle "CBM 177 Extra"]
[Source "ChessBase"]
[SourceDate "2017.04.27"]
[SourceVersion "1"]
[SourceVersionDate "2017.04.27"]
[SourceQuality "1"]

1. e4 e6 2. Nf3 d5 3. Nc3 c5 4. Bb5+ Bd7 5. exd5 Bxb5 6. Nxb5 a6 7. dxe6 f6 8. Nc3 Ne7 9. d4 Nd5 10. 0-0 Nc6 11. Be3 Nce7 12. Re1 Rc8 13. dxc5 Nxe3 14. Rxe3 Qxd1+ 15. Rxd1 Nc6 16. Ne4 Rb8 17. Rd7 Nd8 18. Nd6+ Bxd6 19. cxd6 g6 20. Rc7 Nc6 21. e7 1-0

[Event "GER-chB Seniors 26th"]
[Site "Bad Neuenahr"]
[Date "2014.08.12"]
[Round "8"]
[White "Hiby, Harald"]
[Black "Wagner, Werner"]
[Result "0-1"]
[WhiteElo "1795"]
[BlackElo "1794"]
[PlyCount "32"]
[EventDate "2014.08.05"]
[EventType "swiss"]
[EventRounds "9"]
[EventCountry "GER"]
[SourceTitle "EXT 2018"]
[Source "ChessBase"]
[SourceDate "2017.10.13"]
[SourceVersion "1"]
[SourceVersionDate "2017.10.13"]
[SourceQuality "1"]

1. d4 e6 2. c4 f5 3. Nc3 Nf6 4. Nf3 c6 5. e3 d5 6. Bd2 Bd6 7. Rc1 Nbd7 8. g3 0-0 9. b3 Qe7 10. Bg2 Ne4 11. 0-0 Rf6 12. Nxe4 fxe4 13. Ne1 Rh6 14. f3 Rxh2 15. Kxh2 Qh4+ 16. Kg1 Bxg3 0-1

[Event "GER-chB Seniors 26th"]
[Site "Bad Neuenahr"]
[Date "2014.08.08"]
[Round "4"]
[White "Wesnigk, Karl Heinz"]
[Black "Wagner, Werner"]
[Result "0-1"]
[WhiteElo "1905"]
[BlackElo "1794"]
[PlyCount "70"]
[EventDate "2014.08.05"]
[EventType "swiss"]
[EventRounds "9"]
[EventCountry "GER"]
[SourceTitle "EXT 2018"]
[Source "ChessBase"]
[SourceDate "2017.10.13"]
[SourceVersion "1"]
[SourceVersionDate "2017.10.13"]
[SourceQuality "1"]

1. Nf3 e6 2. b3 d5 3. Bb2 f5 4. e3 Nf6 5. Be2 Bd6 6. c4 0-0 7. 0-0 Qe7 8. d4 c6 9. Nbd2 Nbd7 10. Ne5 Ne4 11. Ndf3 Ndf6 12. Ne1 Bd7 13. N1d3 Be8 14. Rc1 Nd7 15. Nxd7 Bxd7 16. Ne5 Rf6 17. f3 Ng5 18. Rc2 Raf8 19. Bd3 Rh6 20. Qe1 Be8 21. Rcf2 Nf7 22. Kh1 Qf6 23. f4 g5 24. g3 Rh3 25. Rg1 Nh6 26. fxg5 Qxg5 27. Bf1 Rh5 28. g4 fxg4 29. Nxg4 Kh8 30. Rxf8+ Bxf8 31. Qg3 Nxg4 32. Qxg4 Qxg4 33. Rxg4 Bg6 34. Bg2 Bd6 35. h3 Bf5 0-1

[Event "Saarland-ch A 89th"]
[Site "Stennweiler"]
[Date "2014.04.18"]
[Round "8"]
[White "Ganssauge, Wolfgang"]
[Black "Wagner, Werner"]
[Result "0-1"]
[WhiteElo "1500"]
[BlackElo "1794"]
[PlyCount "56"]
[EventDate "2014.04.11"]
[EventType "swiss"]
[EventRounds "9"]
[EventCountry "GER"]
[SourceTitle "EXT 2016"]
[Source "ChessBase"]
[SourceDate "2015.10.08"]
[SourceVersion "1"]
[SourceVersionDate "2015.10.08"]
[SourceQuality "1"]

1. e4 e6 2. d4 d5 3. e5 c5 4. c3 Nc6 5. Nf3 cxd4 6. cxd4 Bd7 7. a3 f6 8. exf6 Nxf6 9. Nc3 Bd6 10. Be2 Rc8 11. 0-0 0-0 12. Bb5 a6 13. Bxc6 Rxc6 14. Ne5 Rc8 15. Re1 Qc7 16. Bg5 Be8 17. Rc1 Qb6 18. Qd2 Nd7 19. Nxd5 Rxc1 20. Nxb6 Rxe1+ 21. Qxe1 Nxb6 22. Nc4 Nxc4 23. Qxe6+ Bf7 24. Qd7 Re8 25. Kf1 Nxb2 26. f4 Nd3 27. g3 Re1+ 28. Kg2 Bd5+ 0-1

[Event "Saarland-ch A 89th"]
[Site "Stennweiler"]
[Date "2014.04.11"]
[Round "1"]
[White "Wagner, Werner"]
[Black "Ley, Stefan"]
[Result "1-0"]
[WhiteElo "1794"]
[BlackElo "1503"]
[PlyCount "74"]
[EventDate "2014.04.11"]
[EventType "swiss"]
[EventRounds "9"]
[EventCountry "GER"]
[SourceTitle "EXT 2016"]
[Source "ChessBase"]
[SourceDate "2015.10.08"]
[SourceVersion "1"]
[SourceVersionDate "2015.10.08"]
[SourceQuality "1"]

1. e4 e6 2. d4 d5 3. e5 c5 4. c3 Nc6 5. Nf3 cxd4 6. cxd4 Bb4+ 7. Nc3 Nge7 8. Bd3 Bd7 9. 0-0 a6 10. Be3 Ng6 11. Rc1 Rc8 12. Ng5 Be7 13. Nf3 0-0 14. a3 f6 15. Bxg6 hxg6 16. b4 b5 17. Nh4 Be8 18. f4 f5 19. Nf3 Na7 20. Rf2 a5 21. Na2 Rxc1 22. Qxc1 Qb6 23. Rc2 Bd8 24. bxa5 Qxa5 25. Bd2 Qb6 26. Bb4 Rf7 27. Bc5 Qb7 28. Nb4 Rc7 29. Qe1 Nc8 30. Qg3 Nb6 31. Ng5 Bxg5 32. Qxg5 Nc4 33. Rc3 Qa8 34. Nc2 Nd2 35. Rh3 Ne4 36. Qh4 Nxc5 37. Qh8+ Kf7 1-0

[Event "Saarland-ch MB 87th"]
[Site "Voelklingen"]
[Date "2012.04.04"]
[Round "6"]
[White "Grewenig, Rolf"]
[Black "Wagner, Werner"]
[Result "1/2-1/2"]
[WhiteElo "2042"]
[BlackElo "1794"]
[PlyCount "52"]
[EventDate "2012.03.30"]
[EventType "swiss"]
[EventRounds "6"]
[EventCountry "GER"]
[SourceTitle "EXT 2013"]
[Source "ChessBase"]
[SourceDate "2012.11.22"]
[SourceVersion "1"]
[SourceVersionDate "2012.11.22"]
[SourceQuality "1"]

1. e4 e6 2. d4 d5 3. e5 c5 4. c3 Nc6 5. Nf3 Bd7 6. Bd3 cxd4 7. cxd4 Qb6 8. 0-0 Nxd4 9. Nxd4 Qxd4 10. Nc3 a6 11. Qe2 Rc8 12. Kh1 Bc5 13. Bd2 f5 14. a3 Qh4 15. Rac1 Nh6 16. Bxh6 Qxh6 17. f4 Bc6 18. Qd2 0-0 19. Ne2 Bb6 20. Ng1 Qg6 21. Nf3 h6 22. Be2 Qf7 23. Qb4 Qc7 24. Rc2 Ba5 25. Qc5 Bb6 26. Qb4 Ba5 1/2-1/2

[Event "Saarland-ch MB 87th"]
[Site "Voelklingen"]
[Date "2012.04.03"]
[Round "5"]
[White "Wagner, Werner"]
[Black "Rosenkranz, Christian"]
[Result "1/2-1/2"]
[WhiteElo "1794"]
[BlackElo "2006"]
[PlyCount "80"]
[EventDate "2012.03.30"]
[EventType "swiss"]
[EventRounds "6"]
[EventCountry "GER"]
[SourceTitle "EXT 2013"]
[Source "ChessBase"]
[SourceDate "2012.11.22"]
[SourceVersion "1"]
[SourceVersionDate "2012.11.22"]
[SourceQuality "1"]

1. e4 c5 2. Nc3 g6 3. f4 Bg7 4. Nf3 Nc6 5. Bb5 Nd4 6. Bd3 d6 7. 0-0 Bg4 8. Qe1 Bxf3 9. gxf3 Nf6 10. Ne2 Nh5 11. c3 Nxe2+ 12. Bxe2 0-0 13. d3 e6 14. Be3 Qf6 15. f5 exf5 16. f4 fxe4 17. dxe4 Bh6 18. Bxh5 gxh5 19. Kh1 Rfe8 20. Rg1+ Kh8 21. Rd1 Qe6 22. Bc1 f5 23. b3 Qxe4+ 24. Qxe4 Rxe4 25. Rxd6 Rg8 26. Rxh6 Rxg1+ 27. Kxg1 Re1+ 28. Kg2 Rxc1 29. Rxh5 Rc2+ 30. Kg3 Rxc3+ 31. Kh4 Kg7 32. Rxf5 Kg6 33. Rg5+ Kf6 34. Kg4 Rc2 35. Rh5 b5 36. Rxh7 Rxa2 37. Rh6+ Kg7 38. Rc6 Rc2 39. Kf5 Rxh2 40. Rc7+ Kf8 1/2-1/2

[Event "Saarland-ch MB 87th"]
[Site "Voelklingen"]
[Date "2012.03.31"]
[Round "2"]
[White "Wagner, Werner"]
[Black "Vijayakumar, Prusoth"]
[Result "1/2-1/2"]
[WhiteElo "1794"]
[BlackElo "1916"]
[PlyCount "47"]
[EventDate "2012.03.30"]
[EventType "swiss"]
[EventRounds "6"]
[EventCountry "GER"]
[SourceTitle "EXT 2013"]
[Source "ChessBase"]
[SourceDate "2012.11.22"]
[SourceVersion "1"]
[SourceVersionDate "2012.11.22"]
[SourceQuality "1"]

1. e4 d6 2. Nc3 Nf6 3. f4 g6 4. Nf3 Bg7 5. Bc4 c6 6. d3 d5 7. exd5 Nxd5 8. Bxd5 cxd5 9. Bd2 Nc6 10. Rb1 0-0 11. 0-0 Bg4 12. Ne2 Rc8 13. h3 Bxf3 14. Rxf3 Qb6+ 15. Kh1 d4 16. c4 e6 17. b4 Ne7 18. a4 Qc7 19. Qe1 Rfd8 20. Ng3 Nf5 21. Ne4 Re8 22. c5 Rcd8 23. b5 b6 24. Rc1 1/2-1/2

[Event "Saarland-ch A 85th"]
[Site "Homburg"]
[Date "2010.04.01"]
[Round "7"]
[White "Buech, Christoph"]
[Black "Wagner, Werner"]
[Result "1/2-1/2"]
[WhiteElo "1702"]
[BlackElo "1794"]
[PlyCount "45"]
[EventDate "2010.03.28"]
[EventType "swiss"]
[EventRounds "9"]
[EventCountry "GER"]
[SourceTitle "EXT 2011"]
[Source "ChessBase"]
[SourceDate "2010.11.26"]
[SourceVersion "1"]
[SourceVersionDate "2010.11.26"]
[SourceQuality "1"]

1. Nf3 d5 2. d4 e6 3. b3 c6 4. Bb2 f5 5. e3 Nf6 6. Be2 Bd6 7. Nbd2 0-0 8. 0-0 Nbd7 9. Ne5 Qe7 10. c4 Ne4 11. f3 Nxd2 12. Qxd2 Rf6 13. f4 Rh6 14. c5 Bc7 15. Nxd7 Bxd7 16. Bf3 Rf8 17. Rf2 Rf7 18. g3 g5 19. b4 Rg7 20. a4 a6 21. Raf1 Rhg6 22. Rg2 Qd8 23. Rff2 1/2-1/2

[Event "Saarland-ch A 85th"]
[Site "Homburg"]
[Date "2010.03.31"]
[Round "6"]
[White "Friedrich, Elias"]
[Black "Wagner, Werner"]
[Result "1-0"]
[WhiteElo "1599"]
[BlackElo "1794"]
[PlyCount "157"]
[EventDate "2010.03.28"]
[EventType "swiss"]
[EventRounds "9"]
[EventCountry "GER"]
[SourceTitle "EXT 2011"]
[Source "ChessBase"]
[SourceDate "2010.11.26"]
[SourceVersion "1"]
[SourceVersionDate "2010.11.26"]
[SourceQuality "1"]

1. d4 e6 2. c4 d5 3. Nc3 c6 4. Nf3 f5 5. Bf4 Bd6 6. e3 Nf6 7. Ne5 0-0 8. Be2 Qe7 9. c5 Bxe5 10. Bxe5 Ne8 11. Bh5 g6 12. Be2 Nd7 13. Bg3 e5 14. dxe5 Nxc5 15. 0-0 Ng7 16. Qd4 Nge6 17. Qb4 Re8 18. f4 b6 19. a4 Qc7 20. Rfd1 Bb7 21. Rac1 Qe7 22. Bf2 Red8 23. g3 Kf7 24. Qa3 Rd7 25. Rc2 Rad8 26. Rcd2 Nc7 27. h4 h5 28. Rd4 N5e6 29. Qxe7+ Kxe7 30. R4d2 Na6 31. Bxa6 Bxa6 32. b4 Bc4 33. Ne2 Bxe2 34. Rxe2 d4 35. Red2 c5 36. b5 d3 37. Rc1 Rd5 38. Rc4 R8d7 39. Kg2 Nd8 40. e4 fxe4 41. Rxe4 Ke6 42. Kf3 Nb7 43. Rc4 Na5 44. Rc3 Kf5 45. Rd1 Rc7 46. Rcxd3 Rxd3+ 47. Rxd3 Nb7 48. Ke2 Ke6 49. Kd1 Kf5 50. Kc2 Ke6 51. Kc3 Rf7 52. Be1 Rc7 53. Kc4 Kf5 54. Re3 Ke6 55. a5 bxa5 56. Ra3 Rd7 57. Bxa5 Rd4+ 58. Kc3 Nxa5 59. Rxa5 Rb4 60. Rxa7 Rxb5 61. Ra6+ Kf7 62. Ra4 Rb1 63. Ra3 Rc1+ 64. Kb2 Rg1 65. Rc3 Ke6 66. Kb3 Rg2 67. Kc4 Rd2 68. Kxc5 Rd8 69. Rb3 Rc8+ 70. Kd4 Kf5 71. Rb6 Rd8+ 72. Rd6 Rf8 73. Kd5 Rf7 74. Rd8 Kg4 75. Ke6 Ra7 76. Rd3 Ra6+ 77. Kf7 Rc6 78. e6 Kf5 79. Rd5+ 1-0

[Event "Saarland-ch A 85th"]
[Site "Homburg"]
[Date "2010.03.30"]
[Round "5"]
[White "Wagner, Werner"]
[Black "Holle, Eric"]
[Result "0-1"]
[WhiteElo "1794"]
[BlackElo "1703"]
[PlyCount "66"]
[EventDate "2010.03.28"]
[EventType "swiss"]
[EventRounds "9"]
[EventCountry "GER"]
[SourceTitle "EXT 2011"]
[Source "ChessBase"]
[SourceDate "2010.11.26"]
[SourceVersion "1"]
[SourceVersionDate "2010.11.26"]
[SourceQuality "1"]

1. e4 e6 2. d4 d5 3. e5 c5 4. c3 Nc6 5. Nf3 Qb6 6. Bd3 Bd7 7. dxc5 Bxc5 8. 0-0 a5 9. a4 f6 10. Qe2 fxe5 11. Nxe5 Nxe5 12. Qxe5 Nf6 13. Na3 Bxf2+ 14. Kh1 0-0 15. Bf4 Bc5 16. h3 Bxa4 17. Qg5 Rf7 18. Be5 Be7 19. Bxf6 Bxf6 20. Rxf6 Rxf6 21. Qh4 Bc6 22. Qxh7+ Kf8 23. Qh8+ Ke7 24. Qxa8 Rf8 25. Qxf8+ Kxf8 26. Rf1+ Ke7 27. Rb1 Qe3 28. Bf1 d4 29. cxd4 Qxh3+ 30. Kg1 Qe3+ 31. Kh2 Qxd4 32. Nc2 Qf2 33. Ne1 Qxf1 0-1

[Event "Saarland-ch A"]
[Site "Schiffweiler"]
[Date "2009.04.08"]
[Round "6"]
[White "Welter, Bernhard"]
[Black "Wagner, Werner"]
[Result "0-1"]
[WhiteElo "1654"]
[BlackElo "1734"]
[PlyCount "104"]
[EventDate "2009.04.03"]
[EventType "swiss"]
[EventRounds "9"]
[EventCountry "GER"]
[SourceTitle "EXT 2012"]
[Source "ChessBase"]
[SourceDate "2011.11.24"]
[SourceVersion "1"]
[SourceVersionDate "2011.11.24"]
[SourceQuality "1"]

1. e4 e6 2. b3 d5 3. exd5 exd5 4. Bb2 Nf6 5. Nf3 Bg4 6. Qe2+ Qe7 7. Bxf6 gxf6 8. Qxe7+ Bxe7 9. Be2 Nd7 10. Nc3 c6 11. Nd4 Bxe2 12. Ncxe2 Rg8 13. g3 Nc5 14. Nf5 Bf8 15. f4 Ne6 16. Ned4 Bc5 17. Nf3 Ba3 18. c3 Bf8 19. 0-0-0 a5 20. a4 b5 21. axb5 cxb5 22. N5d4 b4 23. Rhe1 Kd7 24. Kc2 Bc5 25. Kd3 Rgc8 26. Ra1 Bf8 27. Nxe6 fxe6 28. Nd4 Re8 29. Nc2 bxc3 30. dxc3 e5 31. fxe5 fxe5 32. Rf1 Ke6 33. Rae1 e4+ 34. Ke3 Rec8 35. Nd4+ Ke7 36. Rc1 Bh6+ 37. Rf4 Bxf4+ 38. gxf4 Rc5 39. Nf5+ Kf6 40. Kd4 Rb5 41. Nd6 Rxb3 42. Kxd5 e3 43. Re1 a4 44. Rxe3 a3 45. Re6+ Kg7 46. Nf5+ Kh8 47. Nd4 Rxc3 48. Re1 Rd8+ 49. Ke5 Rc5+ 50. Kf6 a2 51. Ne6 Rc6 52. Ke7 Rxe6+ 0-1

[Event "Saarland-ch A"]
[Site "Eppelborn"]
[Date "2008.03.22"]
[Round "9"]
[White "Diwo, Michael"]
[Black "Wagner, Werner"]
[Result "1-0"]
[WhiteElo "1652"]
[BlackElo "1556"]
[PlyCount "57"]
[EventDate "2008.03.14"]
[EventType "swiss"]
[EventRounds "9"]
[EventCountry "GER"]
[SourceTitle "EXT 2010"]
[Source "ChessBase"]
[SourceDate "2010.11.25"]
[SourceVersion "1"]
[SourceVersionDate "2010.11.25"]
[SourceQuality "1"]

1. Nf3 g6 2. d4 Bg7 3. e4 d6 4. Nc3 Nc6 5. Be3 Bg4 6. Be2 Bxf3 7. Bxf3 e5 8. dxe5 Nxe5 9. Be2 Ne7 10. Qd2 0-0 11. h4 f6 12. h5 Kf7 13. Bh6 g5 14. Bxg7 Kxg7 15. f4 Nf7 16. 0-0-0 h6 17. Bc4 a6 18. Rdf1 b5 19. Bxf7 Rxf7 20. fxg5 fxg5 21. Qd4+ Kg8 22. Rxf7 Kxf7 23. Rf1+ Ke8 24. Qh8+ Kd7 25. Qxh6 Nc6 26. Rf7+ Ne7 27. Nd5 b4 28. Rxe7+ Kc6 29. Qxg5 1-0

[Event "Saarland-ch A"]
[Site "Eppelborn"]
[Date "2008.03.21"]
[Round "8"]
[White "Wild, Achim"]
[Black "Wagner, Werner"]
[Result "1-0"]
[WhiteElo "1870"]
[BlackElo "2090"]
[PlyCount "63"]
[EventDate "2008.03.14"]
[EventType "swiss"]
[EventRounds "9"]
[EventCountry "GER"]
[SourceTitle "EXT 2010"]
[Source "ChessBase"]
[SourceDate "2010.11.25"]
[SourceVersion "1"]
[SourceVersionDate "2010.11.25"]
[SourceQuality "1"]

1. e4 d6 2. d4 Nf6 3. Nc3 g6 4. Nf3 Bg7 5. Be3 Bg4 6. Qd2 a6 7. Ng5 Bc8 8. 0-0-0 b5 9. Bd3 0-0 10. h4 Ng4 11. h5 e5 12. dxe5 Nxe3 13. Qxe3 Bh6 14. f4 dxe5 15. g3 Qd4 16. Qe2 Bxg5 17. fxg5 Qd8 18. Qd2 Be6 19. Kb1 Nc6 20. hxg6 fxg6 21. Qh2 Rf7 22. Bc4 Qe7 23. Bd5 Bxd5 24. exd5 Nd4 25. Ne4 Raf8 26. Nf6+ Kh8 27. Qg2 Nf5 28. Rde1 Qd6 29. Qh3 Qe7 30. g4 Nd4 31. Rxe5 Qd8 32. Qxh7+ 1-0